| 000 | 01418cam a22004215a 4500 | ||
|---|---|---|---|
| 001 | CAF2903BB | ||
| 003 | EG-ScBUE | ||
| 005 | 20220308135239.0 | ||
| 008 | 000126s1949 enka f bd 000 p eng d | ||
| 020 | _a9780140440065 | ||
| 035 | _a(InU)CAF2903BB | ||
| 035 | _a(OCoLC)ocm09177289 | ||
| 040 |
_aOIT _beng _erda _cOIT _dOCL _dEG-ScBUE |
||
| 041 | 1 |
_aeng _hita |
|
| 082 | 0 | 4 |
_a851.1 _bDAN _222 |
| 100 | 0 |
_aDante Alighieri, _d1265-1321, _eauthor. _935193 |
|
| 245 | 1 | 4 |
_aThe comedy of Dante Alighieri : _bthe Florentine / _ctranslated by Dorothy L. Sayers. |
| 264 | 1 |
_aLondon : _bPenguin Books, _c1949. |
|
| 300 |
_a347 pages : _billustrations ; _c18 cm. |
||
| 336 |
_2rdacontent _atext _btxt |
||
| 337 |
_2rdamedia _aunmediated _bn |
||
| 338 |
_2rdacarrier _avolume _bnc |
||
| 490 | 0 | _aPenguin classics | |
| 500 | _aIncludes glossary. | ||
| 504 | _aIncludes bibliographical references. | ||
| 505 | 2 | _av. 1. Cantica 1, Hell (L'inferno). | |
| 546 | _aText in English ; translated from original Italian. | ||
| 650 | 7 |
_aPurgatorio (Dante Alighieri) _2BUEsh |
|
| 650 | 7 |
_aInferno (Dante Alighieri) _2BUEsh |
|
| 650 | 7 |
_aItalian poetry. _2BUEsh |
|
| 650 | 7 |
_aHeaven. _2BUEsh _940261 |
|
| 651 | _2BUEsh | ||
| 653 |
_bHHUUEENN _bGGEN _cMarch2019 |
||
| 655 |
_vReading book _934232 |
||
| 700 | 1 |
_aSayers, Dorothy L. _q(Dorothy Leigh), _d1893-1957, _etranslator. |
|
| 942 |
_2ddc _cBB |
||
| 998 |
_b4/19/2000 _c4/19/2000 |
||
| 999 |
_c27251 _d27222 |
||